Histoire du peuple d'Israël / (Record no. 22627)

MARC details
000 -LEADER
fixed length control field 00678cam a22002291a 4500
001 - CONTROL NUMBER
control field f 01001738
003 - CONTROL NUMBER IDENTIFIER
control field DLC
005 - DATE AND TIME OF LATEST TRANSACTION
control field 20260227111240.0
008 - FIXED-LENGTH DATA ELEMENTS--GENERAL INFORMATION
fixed length control field 801224m18931895fr 000 0 fre
010 ## - LIBRARY OF CONGRESS CONTROL NUMBER
LC control number f 01001738
035 ## - SYSTEM CONTROL NUMBER
System control number (OCoLC)7035260
040 ## - CATALOGING SOURCE
Original cataloging agency DLC
Transcribing agency OCl
Modifying agency TxU
-- DLC
042 ## - AUTHENTICATION CODE
Authentication code premarc
050 00 - LIBRARY OF CONGRESS CALL NUMBER
Classification number DS117
Item number .R38
100 1# - MAIN ENTRY--PERSONAL NAME
Personal name Renan, Ernest,
Dates associated with a name 1823-1892.
245 10 - TITLE STATEMENT
Title Histoire du peuple d'Israël /
Statement of responsibility, etc. par Ernest Renan.
260 ## - PUBLICATION, DISTRIBUTION, ETC.
Place of publication, distribution, etc. Paris :
Name of publisher, distributor, etc. Calmann-Levy,
Date of publication, distribution, etc. 1893-1895.
300 ## - PHYSICAL DESCRIPTION
Extent 5 v. ;
Dimensions 23 cm.
650 #0 - SUBJECT ADDED ENTRY--TOPICAL TERM
Topical term or geographic name entry element Jews
General subdivision History
Chronological subdivision To 70 A.D.
630 00 - SUBJECT ADDED ENTRY--UNIFORM TITLE
Uniform title Bible.
Name of part/section of a work Old Testament
General subdivision Criticism, interpretation, etc.
650 #0 - SUBJECT ADDED ENTRY--TOPICAL TERM
Topical term or geographic name entry element Apocryphal books (Old Testament)

No items available.

Powered by Koha